MARC details
| 000 -LEADER |
| fixed length control field |
02424cam a22004694a 4500 |
| 001 - CONTROL NUMBER |
| control field |
muse33608 |
| 003 - CONTROL NUMBER IDENTIFIER |
| control field |
MdBmJHUP |
| 005 - DATE AND TIME OF LATEST TRANSACTION |
| control field |
20210127151044.0 |
| 006 - FIXED-LENGTH DATA ELEMENTS--ADDITIONAL MATERIAL CHARACTERISTICS |
| fixed length control field |
m o d |
| 007 - PHYSICAL DESCRIPTION FIXED FIELD--GENERAL INFORMATION |
| fixed length control field |
cr||||||||nn|n |
| 008 - FIXED-LENGTH DATA ELEMENTS--GENERAL INFORMATION |
| fixed length control field |
080929s2009 ohu o 00 0 eng d |
| 010 ## - LIBRARY OF CONGRESS CONTROL NUMBER |
| Canceled/invalid LC control number |
2008043022 |
| 020 ## - INTERNATIONAL STANDARD BOOK NUMBER |
| International Standard Book Number |
9780814271643 |
| 020 ## - INTERNATIONAL STANDARD BOOK NUMBER |
| International Standard Book Number |
0814271642 |
| 020 ## - INTERNATIONAL STANDARD BOOK NUMBER |
| Canceled/invalid ISBN |
9780814210543 (cloth : alk. paper) |
| 020 ## - INTERNATIONAL STANDARD BOOK NUMBER |
| Canceled/invalid ISBN |
0814210546 (cloth : alk. paper) |
| 035 ## - SYSTEM CONTROL NUMBER |
| System control number |
(OCoLC)680276944 |
| 040 ## - CATALOGING SOURCE |
| Original cataloging agency |
MdBmJHUP |
| Transcribing agency |
MdBmJHUP |
| 050 04 - LIBRARY OF CONGRESS CALL NUMBER |
| Classification number |
PQ2387.R5 |
| Item number |
Z747 2009 |
| 082 0# - DEWEY DECIMAL CLASSIFICATION NUMBER |
| Classification number |
841/.8 |
| Edition number |
22 |
| 100 1# - MAIN ENTRY--PERSONAL NAME |
| Personal name |
Oxenhandler, Neal. |
| 245 10 - TITLE STATEMENT |
| Title |
Rimbaud |
| Remainder of title |
The Cost of Genius / |
| Statement of responsibility, etc. |
Neal Oxenhandler. |
| 264 #1 - PRODUCTION, PUBLICATION, DISTRIBUTION, MANUFACTURE, AND COPYRIGHT NOTICE |
| Name of producer, publisher, distributor, manufacturer |
Ohio State University Press, |
| 264 #3 - PRODUCTION, PUBLICATION, DISTRIBUTION, MANUFACTURE, AND COPYRIGHT NOTICE |
| Name of producer, publisher, distributor, manufacturer |
Project MUSE, |
| 300 ## - PHYSICAL DESCRIPTION |
| Extent |
1 online resource (xi, 169 p.) |
| 504 ## - BIBLIOGRAPHY, ETC. NOTE |
| Bibliography, etc. note |
Includes bibliographical references (p. 161-165) and index. |
| 505 0# - FORMATTED CONTENTS NOTE |
| Formatted contents note |
Overview : Rimbaud and Psychocriticism -- Defiance in "Les Poetes de sept ans" -- Poem of the Uncanny : "Le Bateau ivre" -- Figures of Desire in "Memoire" -- What Happened in Babylone? : "Le Coeur du pitre"; Survival of the Object in "Qu'est-ce pour nous, mon coeur...?" -- Synchronicity : "A Une Raison"; "Democratic" -- The Child as Thaumaturge : "Apres le deluge" -- Abreaction in Three Poems : "Honte" ; "Angoisse" ; "Aube" -- Fantasy and Reality : "Vies I, II, III" ; "H" -- Killing Me Softly : "Conte" -- "Nocturne vulgaire" and the Paranoid Position -- "Genie" : Advent of the Ego-Ideal -- Narcissistic Gain in "Solde" -- Rimbaud's Ontology : "Villes II" -- Sublimation in Une Saison en enfer -- Appendix The Death of Rimbaud : "We remember him and he travels on." |
| 506 0# - RESTRICTIONS ON ACCESS NOTE |
| Terms governing access |
Open Access |
| Standardized terminology for access restriction |
Unrestricted online access |
| Source of term |
star |
| 588 ## - SOURCE OF DESCRIPTION NOTE |
| Source of description note |
Description based on print version record. |
| 600 11 - SUBJECT ADDED ENTRY--PERSONAL NAME |
| Personal name |
Rimbaud, Arthur, |
| Dates associated with a name |
1854-1891 |
| General subdivision |
Criticism and interpretation. |
| 600 11 - SUBJECT ADDED ENTRY--PERSONAL NAME |
| Personal name |
Rimbaud, Arthur, |
| Dates associated with a name |
1854-1891 |
| General subdivision |
Psychology. |
| 655 #7 - INDEX TERM--GENRE/FORM |
| Genre/form data or focus term |
Electronic books. |
| Source of term |
local |
| 710 2# - ADDED ENTRY--CORPORATE NAME |
| Corporate name or jurisdiction name as entry element |
Project Muse. |
| Relator term |
distributor |
| 830 #0 - SERIES ADDED ENTRY--UNIFORM TITLE |
| Uniform title |
Book collections on Project MUSE. |
| 856 40 - ELECTRONIC LOCATION AND ACCESS |
| Public note |
Full text available: |
| Uniform Resource Identifier |
<a href="https://muse.jhu.edu/book/27810/">https://muse.jhu.edu/book/27810/</a> |
| 945 ## - LOCAL PROCESSING INFORMATION (OCLC) |
| a |
Project MUSE - Archive Literature Supplement III |
| 945 ## - LOCAL PROCESSING INFORMATION (OCLC) |
| a |
Project MUSE - Archive Complete Supplement III |